| 000 | 00705nam a22002297a 4500 | ||
|---|---|---|---|
| 005 | 20230114160839.0 | ||
| 008 | 230114b |||||||| |||| 00| 0 eng d | ||
| 020 |
_a9789353283117 _cRs.1595.00 |
||
| 040 | _aLoreto College | ||
| 041 | _aEnglish | ||
| 082 |
_a378.54 _bVAR |
||
| 245 |
_aIndia higher education report 2018 _bFinancing of higher education _cEdited by N.V.Varghese and Jinusha Panigrahi |
||
| 260 |
_aNew Delhi _bSage Publications India _c2019 |
||
| 300 |
_axxiv,400p _b22cm |
||
| 440 | _aOxford India paperbacks | ||
| 504 | _aIncludes index | ||
| 650 |
_aHigher education _zIndia |
||
| 700 |
_4ed. _aVarghese,N.V. |
||
| 700 |
_4ed. _aPanigrahi,Jinusha |
||
| 850 | _aLCLIB | ||
| 942 | _cBK | ||
| 999 |
_c43099 _d93578 |
||